A prehistoric people : (Record no. 32601)
[ view plain ]
| 000 -LEADER | |
|---|---|
| fixed length control field | 00855cam a22002415i 4500 |
| 001 - CONTROL NUMBER | |
| control field | 22444186 |
| 003 - CONTROL NUMBER IDENTIFIER | |
| control field | OSt |
| 005 - DATE AND TIME OF LATEST TRANSACTION | |
| control field | 20230629041754.0 |
| 008 - FIXED-LENGTH DATA ELEMENTS--GENERAL INFORMATION | |
| fixed length control field | 220225s2021 ke a b 001 0 eng |
| 010 ## - LIBRARY OF CONGRESS CONTROL NUMBER | |
| LC control number | 2022322000 |
| 020 ## - INTERNATIONAL STANDARD BOOK NUMBER | |
| International Standard Book Number | 9966718850 |
| 040 ## - CATALOGING SOURCE | |
| Original cataloging agency | MMU |
| Language of cataloging | eng |
| Description conventions | MMU |
| Transcribing agency | MMU |
| Modifying agency | MMU |
| 042 ## - AUTHENTICATION CODE | |
| Authentication code | lcode |
| -- | pcc |
| 050 00 - LIBRARY OF CONGRESS CALL NUMBER | |
| Classification number | DT433.545.K55 |
| Item number | M34 2021 |
| 100 1# - MAIN ENTRY--PERSONAL NAME | |
| Personal name | Maina, Samuel Mwĩtũria, |
| Relator term | author. |
| 245 12 - TITLE STATEMENT | |
| Title | A prehistoric people : |
| Remainder of title | the Central Kikuyu before 1970 / |
| Statement of responsibility, etc. | Samuel Mwĩtũria Maina, PhD. |
| 260 ## - PUBLICATION, DISTRIBUTION, ETC. (IMPRINT) | |
| Place of publication, distribution, etc. | Nairobi, Kenya : |
| Name of publisher, distributor, etc. | Frajopa Printers and Publishers Mall, |
| Date of publication, distribution, etc. | 2021. |
| 300 ## - PHYSICAL DESCRIPTION | |
| Extent | xiii, 764 pages : |
| Other physical details | illustrations ; |
| Dimensions | 26 cm |
| 500 ## - GENERAL NOTE | |
| General note | Includes bibliographical references (pages 759-761) and index. |
| 650 #0 - SUBJECT ADDED ENTRY--TOPICAL TERM | |
| Topical term or geographic name as entry element | Kikuyu (African people) |
| General subdivision | History. |
| 650 #0 - SUBJECT ADDED ENTRY--TOPICAL TERM | |
| Topical term or geographic name as entry element | Kikuyu (African people) |
| General subdivision | Social life and customs. |
| 942 ## - ADDED ENTRY ELEMENTS (KOHA) | |
| Source of classification or shelving scheme | Library of Congress Classification |
| Koha item type | L |
| Withdrawn status | Lost status | Source of classification or shelving scheme | Damaged status | Not for loan | Home library | Current library | Date acquired | Source of acquisition | Cost, normal purchase price | Total Checkouts | Full call number | Barcode | Date last seen | Price effective from | Koha item type |
|---|---|---|---|---|---|---|---|---|---|---|---|---|---|---|---|
| Library of Congress Classification | Maasai Mara University Library -Main Campus | Maasai Mara University Library -Main Campus | 06/29/2023 | Purchased | 8925.00 | DT433 .545 .K55M34 2021 | 23039438 | 06/29/2023 | 06/29/2023 | L |